000 00968cam a2200289 a 4500
001 23997
003 BD-RJUL
005 20211209001009.0
008 140312s19501907enk 000 0aeng d
020 _a0192501399
035 _aoxf98311962
035 _a(BD-RJUL)24062
040 _aKSU
_dm.c
_dOCL
_dEQO
_beng
_cBD-RjUL
041 _aeng
082 _2 20
_a 937.06 2
_bGIA 1950
100 1 _aGibbon, Edward,
_d1737-1794.
_973899
245 1 0 _aAutobiography of Edward Gibbon :
_cas originally edited by Lord Sheffield /
_bwith an introduction by J.B. Bury.
260 _aLondon :
_bHenry Frowde, Oxford University Press,
_cC1907 []REPRINTING 1950
300 _axxxi, 339 p. ;
_c16 cm.
490 1 _aWorld's classics ;
_v139
600 1 0 _aGibbon, Edward,
_d1737-1794.
_973906
830 0 _v139
_973907
700 1 _aSheffield, John Holroyd,
_cEarl of,
_d1735-1821.
_973902
830 0 _aWorld's classics ;
_973908
942 _2ddc
_cBK
999 _c23997
_d23997